[Event "GER-chT Federal Cup (Women)"]
[Site "Braunfels"]
[Date "2019.06.22"]
[Round "4.40"]
[White "Krotsch, Maxi"]
[Black "Boos Guckes, Astrid"]
[Result "1/2-1/2"]
[WhiteElo "942"]
[BlackElo "1329"]
[PlyCount "106"]
[EventDate "2019.06.20"]
[EventType "team-swiss"]
[EventRounds "5"]
[EventCountry "GER"]
[SourceTitle "CBM 191 Extra"]
[Source "ChessBase"]
[SourceDate "2019.09.30"]
[SourceVersion "1"]
[SourceVersionDate "2019.09.30"]
[SourceQuality "1"]

1. e4 e6 2. d4 d5 3. e5 c5 4. c3 Qb6 5. Nf3 Bd7 6. g3 Bb5 7. Bxb5+ Qxb5 8. a4 Qc6 9. 0-0 Nd7 10. Nbd2 Ne7 11. b3 Nf5 12. Ba3 Be7 13. Rc1 0-0 14. b4 c4 15. b5 Qc7 16. Bxe7 Nxe7 17. Qc2 h6 18. g4 f6 19. Rce1 fxe5 20. dxe5 Rf4 21. h3 Nf8 22. Kh2 Nfg6 23. Rg1 Raf8 24. Rg3 Qc5 25. Rf1 Qc7 26. Kg2 Nxe5 27. Nxe5 Qxe5 28. Nf3 Qe4 29. Qxe4 dxe4 30. Nd4 e5 31. Ne6 Ng6 32. Nxf8 Nh4+ 33. Kh1 Rxf8 34. Re3 Rf3 35. Rxe4 Rxh3+ 36. Kg1 Nf3+ 37. Kg2 Ng5 38. Rxe5 Rxc3 39. Re8+ Kh7 40. Re7 Kg6 41. Rxb7 Ra3 42. Rxa7 c3 43. b6 c2 44. b7 Rb3 45. a5 Rb1 46. Ra6+ Kh7 47. Rb6 Rxf1 48. Kxf1 c1Q+ 49. Kg2 Qc5 50. b8Q Qd5+ 51. Kf1 Qd1+ 52. Kg2 Qd5+ 53. Kg3 Qd3+ 1/2-1/2